000 00747nam a2200205 i 4500
001 128270
003 ES-MaACL
005 20230906193222.0
007 t|
008 070627s1963 sp ||||1| spa d
100 1 _aZlabek, Karel.
_9118310
245 1 0 _aGráficos Z /
_cKarel Zlabek... ; traductor Francisco Loustau Ferrán... ; adaptador a la traducción española Luis Granado San Segundo... ; prólogo... José María Fernández Pirla.
260 _aMadrid :
_bEjes,
_c[1963]
300 _a217 p. ;
_c23 cm.
650 1 4 _aEstadística.
_912520
700 1 _aLoustau Ferrán, Francisco.
_974333
700 1 _aGranado San Segundo, Luis.
_959555
700 1 _aFernández Pirla, José María.
_950001
852 _aES-MaACL
_jC-25372
_bR.53792
999 _c128270
_d128270